Cerdos para los antepasados: el ritual en la ecología de un pueblo en Nueva Guinea
I tiakina i:
| Kaituhi matua: | |
|---|---|
| Hōputu: | Pukapuka |
| Reo: | Pāniora |
| I whakaputaina: |
Madrid
Siglo Veintiuno
1987
|
| Putanga: | 1a. ed |
| Rangatū: | Antropología
|
| Ngā marau: | |
| Ngā Tūtohu: |
Tāpirihia he Tūtohu
Kāore He Tūtohu, Me noho koe te mea tuatahi ki te tūtohu i tēnei pūkete!
|
MARC
| LEADER | 00000cam a2200000 a 4500 | ||
|---|---|---|---|
| 001 | UCE5305 | ||
| 003 | CL-VaPUC | ||
| 008 | 141218e19870300sp |||||||||||||||||spa|d | ||
| 020 | |a 8432305952 | ||
| 082 | 0 | 4 | |a 390 |b RAP |2 21 |
| 100 | 0 | |a Rappaport, Roy A |e author |9 577855 | |
| 245 | 1 | 0 | |a Cerdos para los antepasados: el ritual en la ecología de un pueblo en Nueva Guinea |
| 250 | |a 1a. ed | ||
| 300 | |a 354 p | ||
| 942 | |c BK | ||
| 945 | |d 20141218 14:43:00 |a arojas | ||
| 260 | |a Madrid |b Siglo Veintiuno |c 1987 | ||
| 650 | 0 | |a Ecología humana |9 263207 | |
| 650 | 0 | |a Religión y ciencia |9 314470 | |
| 650 | 0 | |a Rituales |9 349198 | |
| 650 | 0 | |a Antropología cultural |9 269905 | |
| 650 | 0 | |a Antropología social |9 306264 | |
| 651 | 7 | |a NUEVA GUINEA |2 CL-VaPUC |9 261239 | |
| 583 | |a last modification |c 20141218 14:43:00 |k Rodrigo Vera | ||
| 490 | 0 | |a Antropología | |
| 999 | |c 358056 |d 358054 | ||
| 952 | |0 0 |1 0 |3 erb |4 0 |6 390_000000000000000_RAP_1987 |7 0 |8 A |9 466300 |a BIBART |b BIBART |i 5130573 |o 390 RAP 1987 |p 5130573 |r 2025-03-13 |w 2019-11-23 |y BK |z Catalogado en:20141218 |k ART | ||